Proposed states of Greater Austria - Statistics

General Stats
  • This quiz has been taken 77 times
  • The average score is 8 of 15
Answer Stats
State Main ethnic group % Correct
Hungary Hungarians
94%
Bohemia Czechs
88%
German {Bohemia} Germans
88%
Slovakia Slovaks
88%
German {Austria} Germans
82%
Croatia Croats, Serbs
77%
Transylvania Romanians
71%
German {Moravia} Germans
53%
Carniola Slovenians
47%
Trieste Italians
45%
Vojvodina Croats, Serbs
33%
Trentino Italians
27%
East Galicia Rusyns, Ukrainians
17%
West Galicia Poles
14%
Szekely Land Hungarians
11%
No matching quizzes found
Score Distribution
Percent of People with Each Score
Percentile by Number Answered
Your Score History
You have not taken this quiz